| 000 | 01730nkm a2200385 i 4500 | ||
|---|---|---|---|
| 001 | 3558 | ||
| 003 | ES-MaACL | ||
| 005 | 20250713062747.0 | ||
| 007 | khrbo | ||
| 008 | 051117s1985 sp --- g |001||spa d | ||
| 100 | 0 |
_aAlfonso, _d1902-1990 _919858 |
|
| 245 | 1 | 0 |
_aLectura dramatizada de "Alguien grande va a nacer" de Alfredo Castellón [ _hFotografía] / _cAlfonso (sello). |
| 260 |
_a[S.l. : _bs.n.], _c1985. |
||
| 300 |
_a6 fot. : _bb. y n. ; _c12 x 18 cm. |
||
| 500 | _aDatos basados en invitación. | ||
| 511 | 0 | _aIntervienen: Yolanda Cadenas, Anxela G. Abalo, Ana Labordeta, Margarita Miquelaez, Antonio Manso, Toni Valento, José Ramón Argueso, Luis Dorrego, Víctor Manuel Domínguez, Carlos Almansa, Adelardo Ventura, Juan Carlos Iniesta. | |
| 518 | _aActo organizado por la Sección de Teatro del Ateneo de Madrid, celebrado en el salón de actos el jueves, 19 de diciembre de 1985, a las 20:00 h. | ||
| 600 | 1 | 4 |
_aCadenas, Yolanda. _933385 |
| 600 | 1 | 4 |
_aAbalo, Anxela G. _917959 |
| 600 | 1 | 4 |
_aLabordeta, Ana. _969253 |
| 600 | 1 | 4 |
_aMiquelèz, Margarita. _9129961 |
| 600 | 1 | 4 |
_aManso, Antonio. _976132 |
| 600 | 1 | 4 |
_aValento, Toni. _9112621 |
| 600 | 1 | 4 |
_aArgüeso, José Ramón. _922723 |
| 600 | 1 | 4 |
_aDorrego, Luis. _945426 |
| 600 | 1 | 4 |
_aDomínguez, Víctor Manuel. _945181 |
| 600 | 1 | 4 |
_aAlmansa, Carlos. _920085 |
| 600 | 1 | 4 |
_aVentura, Adelardo. _9113916 |
| 600 | 1 | 4 |
_aIniesta, Juan Carlos. _965315 |
| 610 | 2 | 4 |
_aAteneo de Madrid- _xActos culturales- _y1985- _vFotografías. _91900 |
| 710 | 2 |
_aAteneo de Madrid. _bSección de Teatro. _92010 |
|
| 852 |
_aES-MaACL _jFOT 122/1985 |
||
| 856 | 4 |
_uhttp://www.ateneodemadrid.net/biblioteca_digital/imagenes/1985/0122-1985.jpg _zVer imagen |
|
| 999 |
_c3558 _d3558 |
||